[Event "XLIV Memoriał Szachowy Ludwika Zamenhofa 2025, Grupa A"]
[Site "Białystok, Poland"]
[Date "2025.12.28"]
[Round "3.5"]
[White "Markowski, Tomasz"]
[Black "Krawczyk, Flawian"]
[Result "1/2-1/2"]
[TimeControl "90'+30\""]
[WhiteElo "2491"]
[BlackElo "2292"]

1. g3 {[%clk 01:30:53]} {[%emt 00:00:06]} Nf6 {[%clk 01:29:39]} {[%emt
00:01:21]} 2. Bg2 {[%clk 01:31:19]} {[%emt 00:00:04]} d5 {[%clk 01:29:39]}
{[%emt 00:00:30]} 3. Nf3 {[%clk 01:31:45]} {[%emt 00:00:04]} g6 {[%clk
01:30:04]} {[%emt 00:00:06]} 4. b3 {[%clk 01:31:51]} {[%emt 00:00:24]} Bg7
{[%clk 01:28:19]} {[%emt 00:02:14]} 5. Bb2 {[%clk 01:32:17]} {[%emt 00:00:05]}
O-O {[%clk 01:28:41]} {[%emt 00:00:07]} 6. c4 {[%clk 01:32:36]} {[%emt
00:00:12]} c6 {[%clk 01:28:02]} {[%emt 00:01:09]} 7. O-O {[%clk 01:32:59]}
{[%emt 00:00:07]} Re8 {[%clk 01:27:25]} {[%emt 00:01:07]} 8. d3 {[%clk
01:32:56]} {[%emt 00:00:33]} Nbd7 {[%clk 01:23:44]} {[%emt 00:04:11]} 9. Nbd2
{[%clk 01:33:15]} {[%emt 00:00:11]} b6 {[%clk 01:14:12]} {[%emt 00:10:02]} 10.
e4 {[%clk 01:25:11]} {[%emt 00:08:33]} dxe4 {[%clk 01:07:16]} {[%emt 00:07:25]}
11. dxe4 {[%clk 01:25:11]} {[%emt 00:00:31]} e5 {[%clk 01:07:43]} {[%emt
00:00:04]} 12. Qc2 {[%clk 01:24:53]} {[%emt 00:00:48]} Qe7 {[%clk 01:06:12]}
{[%emt 00:02:01]} 13. Rfd1 {[%clk 01:23:16]} {[%emt 00:02:06]} Bb7 {[%clk
01:06:12]} {[%emt 00:00:30]} 14. Ne1 {[%clk 01:14:21]} {[%emt 00:09:25]} a5
{[%clk 01:03:20]} {[%emt 00:03:22]} 15. Nd3 {[%clk 01:13:44]} {[%emt 00:01:08]}
Ba6 {[%clk 00:58:33]} {[%emt 00:05:16]} 16. Re1 {[%clk 01:12:34]} {[%emt
00:01:40]} Red8 {[%clk 00:58:29]} {[%emt 00:00:34]} 17. Rad1 {[%clk 01:12:21]}
{[%emt 00:00:43]} Ne8 {[%clk 00:58:02]} {[%emt 00:00:56]} 18. Nf3 {[%clk
01:10:03]} {[%emt 00:02:49]} Nc7 {[%clk 00:56:40]} {[%emt 00:01:50]} 19. h4
{[%clk 01:08:02]} {[%emt 00:02:34]} h5 {[%clk 00:53:38]} {[%emt 00:03:29]} 20.
Bh3 {[%clk 01:06:16]} {[%emt 00:02:19]} f6 {[%clk 00:53:56]} {[%emt 00:00:12]}
21. Nh2 {[%clk 01:00:51]} {[%emt 00:05:55]} Ne6 {[%clk 00:51:29]} {[%emt
00:02:57]} 22. f4 {[%clk 00:59:13]} {[%emt 00:02:07]} exf4 {[%clk 00:51:46]}
{[%emt 00:00:13]} 23. Nxf4 {[%clk 00:56:48]} {[%emt 00:02:55]} Nxf4 {[%clk
00:51:37]} {[%emt 00:00:39]} 24. gxf4 {[%clk 00:57:13]} {[%emt 00:00:05]} Nf8
{[%clk 00:51:27]} {[%emt 00:00:40]} 25. Qf2 {[%clk 00:54:05]} {[%emt 00:03:38]}
c5 {[%clk 00:45:02]} {[%emt 00:06:54]} 26. Nf1 {[%clk 00:51:53]} {[%emt
00:02:42]} Rxd1 {[%clk 00:41:07]} {[%emt 00:04:25]} 27. Rxd1 {[%clk 00:52:18]}
{[%emt 00:00:05]} Bb7 {[%clk 00:40:52]} {[%emt 00:00:46]} 28. Ng3 {[%clk
00:47:47]} {[%emt 00:05:01]} Rd8 {[%clk 00:29:47]} {[%emt 00:11:34]} 29. Re1
{[%clk 00:42:08]} {[%emt 00:06:09]} f5 {[%clk 00:27:17]} {[%emt 00:03:01]} 30.
Bxg7 {[%clk 00:41:05]} {[%emt 00:01:33]} Kxg7 {[%clk 00:26:27]} {[%emt
00:01:20]} 31. Bg2 {[%clk 00:39:42]} {[%emt 00:01:54]} fxe4 {[%clk 00:24:25]}
{[%emt 00:02:30]} 32. Bxe4 {[%clk 00:38:56]} {[%emt 00:01:17]} Bxe4 {[%clk
00:24:44]} {[%emt 00:00:11]} 33. Rxe4 {[%clk 00:37:57]} {[%emt 00:01:29]} Rd1+
{[%clk 00:24:18]} {[%emt 00:00:56]} 34. Kg2 {[%clk 00:38:23]} {[%emt 00:00:04]}
Qd8 {[%clk 00:19:21]} {[%emt 00:05:28]} 35. f5 {[%clk 00:36:07]} {[%emt
00:02:46]} Rd2 {[%clk 00:18:24]} {[%emt 00:01:27]} 36. Re2 {[%clk 00:36:16]}
{[%emt 00:00:20]} Rxe2 {[%clk 00:18:34]} {[%emt 00:00:20]} 37. Nxe2 {[%clk
00:36:26]} {[%emt 00:00:20]} Qf6 {[%clk 00:13:25]} {[%emt 00:05:39]} 38. Kg3
{[%clk 00:25:46]} {[%emt 00:11:10]} Qe5+ {[%clk 00:11:31]} {[%emt 00:02:23]} 39.
Kh3 {[%clk 00:25:58]} {[%emt 00:00:19]} Qxf5+ {[%clk 00:09:37]} {[%emt
00:02:25]} 40. Qxf5 {[%clk 00:26:17]} {[%emt 00:00:11]} gxf5 {[%clk 00:10:04]}
{[%emt 00:00:02]} 41. Nf4 {[%clk 00:26:34]} {[%emt 00:00:13]} Kf6 {[%clk
00:09:08]} {[%emt 00:01:26]} 42. Nxh5+ {[%clk 00:25:48]} {[%emt 00:01:16]} Ke5
{[%clk 00:09:32]} {[%emt 00:00:06]} 43. Ng3 {[%clk 00:25:20]} {[%emt 00:00:59]}
f4 {[%clk 00:05:07]} {[%emt 00:04:55]} 44. Nf1 {[%clk 00:25:25]} {[%emt
00:00:25]} Kf5 {[%clk 00:04:33]} {[%emt 00:01:04]} 45. Nd2 {[%clk 00:18:33]}
{[%emt 00:07:21]} Nh7 {[%clk 00:04:59]} {[%emt 00:00:03]} 46. h5 {[%clk
00:16:44]} {[%emt 00:02:20]} Kg5 {[%clk 00:05:15]} {[%emt 00:00:14]} 47. h6
{[%clk 00:16:56]} {[%emt 00:00:18]} Kh5 {[%clk 00:04:37]} {[%emt 00:01:07]} 48.
Ne4 {[%clk 00:16:22]} {[%emt 00:01:05]} Nf8 {[%clk 00:04:55]} {[%emt 00:00:12]}
49. Nf6+ {[%clk 00:15:58]} {[%emt 00:00:54]} Kxh6 {[%clk 00:03:05]} {[%emt
00:02:19]} 50. Kg4 {[%clk 00:15:13]} {[%emt 00:01:15]} Ne6 {[%clk 00:01:59]}
{[%emt 00:01:38]} 51. Nd5 {[%clk 00:13:22]} {[%emt 00:02:21]} Kg7 {[%clk
00:02:15]} {[%emt 00:00:15]} 52. Nxb6 {[%clk 00:13:04]} {[%emt 00:00:48]} Kf6
{[%clk 00:02:33]} {[%emt 00:00:11]} 53. Nd7+ {[%clk 00:13:10]} {[%emt
00:00:24]} Ke7 {[%clk 00:02:56]} {[%emt 00:00:08]} 54. Ne5 {[%clk 00:13:31]}
{[%emt 00:00:08]} Kd6 {[%clk 00:03:22]} {[%emt 00:00:03]} 55. Nd3 {[%clk
00:13:33]} {[%emt 00:00:28]} Kc6 {[%clk 00:02:50]} {[%emt 00:01:02]} 56. Kf5
{[%clk 00:12:29]} {[%emt 00:01:34]} Nd4+ {[%clk 00:03:12]} {[%emt 00:00:10]} 57.
Kxf4 {[%clk 00:12:50]} {[%emt 00:00:08]} Ne2+ {[%clk 00:02:44]} {[%emt
00:00:59]} 58. Ke3 {[%clk 00:11:42]} {[%emt 00:01:36]} Nc3 {[%clk 00:02:32]}
{[%emt 00:00:42]} 59. Nc1 {[%clk 00:08:51]} {[%emt 00:03:22]} Kb6 {[%clk
00:01:42]} {[%emt 00:01:19]} 60. Kd3 {[%clk 00:08:19]} {[%emt 00:01:03]} Nd1
{[%clk 00:02:09]} {[%emt 00:00:02]} 61. Kd2 {[%clk 00:07:19]} {[%emt 00:01:30]}
Nf2 {[%clk 00:02:33]} {[%emt 00:00:07]} 62. Nd3 {[%clk 00:07:05]} {[%emt
00:00:45]} Ne4+ {[%clk 00:02:59]} {[%emt 00:00:04]} 63. Ke3 {[%clk 00:07:18]}
{[%emt 00:00:16]} Nc3 {[%clk 00:03:25]} {[%emt 00:00:04]} 64. a4 {[%clk
00:07:31]} {[%emt 00:00:17]} Kc6 {[%clk 00:03:11]} {[%emt 00:00:43]} 65. Nf2
{[%clk 00:06:12]} {[%emt 00:01:49]} Na2 {[%clk 00:03:21]} {[%emt 00:00:22]} 66.
Kd2 {[%clk 00:06:13]} {[%emt 00:00:26]} Nb4 {[%emt 00:00:09]} 67. Nd3 {[%clk
00:06:37]} {[%emt 00:00:01]} Na6 {[%clk 00:04:17]} {[%emt 00:00:02]} 68. Ke3
{[%clk 00:07:02]} {[%emt 00:00:05]} Nc7 {[%clk 00:04:33]} {[%emt 00:00:14]} 69.
Nf4 {[%clk 00:07:05]} {[%emt 00:00:27]} Ne8 {[%clk 00:03:25]} {[%emt 00:01:38]}
70. Ke4 {[%clk 00:07:05]} {[%emt 00:00:31]} Kd6 {[%clk 00:03:46]} {[%emt
00:00:08]} 71. Kf5 {[%clk 00:06:45]} {[%emt 00:00:50]} Nc7 {[%clk 00:03:58]}
{[%emt 00:00:18]} 72. Kf6 {[%clk 00:06:59]} {[%emt 00:00:16]} Na6 {[%clk
00:04:17]} {[%emt 00:00:12]} 73. Nd5 {[%clk 00:06:21]} {[%emt 00:01:08]} Nb8
{[%clk 00:04:42]} {[%emt 00:00:06]} 74. Nc3 {[%clk 00:06:34]} {[%emt 00:00:15]}
Nd7 {[%clk 00:05:01]} {[%emt 00:00:12]} 75. Kf5 {[%clk 00:06:57]} {[%emt
00:00:07]} Nf8 {[%clk 00:03:40]} {[%emt 00:01:50]} 76. Ne4+ {[%clk 00:06:32]}
{[%emt 00:00:57]} Kc6 {[%clk 00:03:58]} {[%emt 00:00:11]} 77. Kf6 {[%clk
00:06:28]} {[%emt 00:00:33]} Nd7 {[%clk 00:04:25]} {[%emt 00:00:04]} 78. Ke6
{[%clk 00:06:44]} {[%emt 00:00:14]} Nf8 {[%clk 00:04:45]} {[%emt 00:00:09]} 79.
Kf5 {[%clk 00:06:12]} {[%emt 00:01:03]} Nd7 {[%clk 00:05:02]} {[%emt 00:00:12]}
80. Ng5 {[%clk 00:06:18]} {[%emt 00:00:25]} Kd6 {[%clk 00:02:40]} {[%emt
00:02:52]} 81. Nf7+ {[%clk 00:05:08]} {[%emt 00:01:41]} Ke7 {[%clk 00:03:06]}
{[%emt 00:00:04]} 82. Ng5 {[%clk 00:05:13]} {[%emt 00:00:24]} Kd6 {[%clk
00:03:33]} {[%emt 00:00:03]} 83. Ne4+ {[%clk 00:04:37]} {[%emt 00:01:05]} Kc6
{[%clk 00:03:54]} {[%emt 00:00:08]} 84. Ke6 {[%clk 00:04:43]} {[%emt 00:00:25]}
Nf8 {[%clk 00:04:22]} {[%emt 00:00:02]} 85. Ke7 {[%clk 00:04:37]} {[%emt
00:00:36]} Ng6+ {[%clk 00:04:44]} {[%emt 00:00:07]} 86. Kd8 {[%clk 00:04:47]}
{[%emt 00:00:21]} Nf4 {[%clk 00:05:06]} {[%emt 00:00:08]} 87. Kc8 {[%clk
00:04:45]} {[%emt 00:00:33]} Ne6 {[%clk 00:05:25]} {[%emt 00:00:09]} 88. Kb8
{[%clk 00:04:59]} {[%emt 00:00:17]} Kb6 {[%clk 00:05:25]} {[%emt 00:00:30]} 89.
Nf6 {[%clk 00:03:43]} {[%emt 00:01:47]} Nd4 {[%clk 00:04:55]} {[%emt 00:00:59]}
90. Nd5+ {[%clk 00:04:02]} {[%emt 00:00:11]} Kc6 {[%clk 00:05:07]} {[%emt
00:00:18]} 91. Ka7 {[%clk 00:04:05]} {[%emt 00:00:27]} Nxb3 {[%clk 00:05:34]}
{[%emt 00:00:03]} 92. Ka6 {[%clk 00:04:14]} {[%emt 00:00:21]} Nd2 {[%clk
00:05:34]} {[%emt 00:00:29]} 93. Ne3 {[%clk 00:04:10]} {[%emt 00:00:35]} Nb3
{[%clk 00:06:00]} {[%emt 00:00:04]} 94. Nf1 {[%clk 00:03:47]} {[%emt 00:00:50]}
Kd6 {[%clk 00:05:01]} {[%emt 00:01:31]} 95. Kb5 {[%clk 00:04:10]} {[%emt
00:00:08]} Ke5 {[%clk 00:05:29]} {[%emt 00:00:02]} 96. Ne3 {[%clk 00:04:02]}
{[%emt 00:00:35]} Kd4 {[%clk 00:05:31]} {[%emt 00:00:30]} 97. Nf5+ {[%clk
00:04:11]} {[%emt 00:00:22]} Kc3 {[%clk 00:04:02]} {[%emt 00:01:59]} 98. Nd6
{[%clk 00:03:47]} {[%emt 00:00:55]} Kd3 {[%clk 00:04:24]} {[%emt 00:00:09]} 99.
Nb7 {[%clk 00:02:48]} {[%emt 00:01:28]} Kd4 {[%clk 00:04:40]} {[%emt 00:00:13]}
100. Nd8 {[%clk 00:02:16]} {[%emt 00:01:03]} Kd3 {[%clk 00:05:01]} {[%emt
00:00:09]} 101. Nc6 {[%clk 00:01:45]} {[%emt 00:01:01]} Kc3 {[%clk 00:05:25]}
{[%emt 00:00:06]} 102. Nd8 {[%clk 00:01:22]} {[%emt 00:00:53]} Kd3 {[%clk
00:05:49]} {[%emt 00:00:06]} 103. Nb7 {[%clk 00:01:46]} {[%emt 00:00:06]} Kd4
{[%clk 00:06:16]} {[%emt 00:00:04]} 104. Nd8 {[%emt 00:00:36]} 1/2-1/2

[Event "XLIV Memoriał Szachowy Ludwika Zamenhofa 2025, Grupa A"]
[Site "Białystok, Poland"]
[Date "2025.12.28"]
[Round "3.6"]
[White "Mayorau, Mikita"]
[Black "Rekuc, Patryk"]
[Result "1-0"]
[TimeControl "90'+30\""]
[WhiteElo "2472"]
[BlackElo "2288"]

1. d4 {[%clk 01:30:54]} {[%emt 00:00:05]} Nf6 {[%clk 01:29:25]} {[%emt
00:01:31]} 2. c4 {[%clk 01:31:19]} {[%emt 00:00:09]} e6 {[%clk 01:29:46]}
{[%emt 00:00:08]} 3. Nc3 {[%clk 01:31:40]} {[%emt 00:00:10]} Bb4 {[%clk
01:30:09]} {[%emt 00:00:07]} 4. Qc2 {[%clk 01:32:00]} {[%emt 00:00:10]} d5
{[%clk 01:30:31]} {[%emt 00:00:08]} 5. cxd5 {[%clk 01:30:26]} {[%emt 00:02:04]}
exd5 {[%clk 01:30:44]} {[%emt 00:00:17]} 6. Bg5 {[%clk 01:30:40]} {[%emt
00:00:15]} O-O {[%clk 01:30:59]} {[%emt 00:00:15]} 7. a3 {[%clk 01:27:33]}
{[%emt 00:03:39]} Be7 {[%clk 01:17:39]} {[%emt 00:13:50]} 8. e3 {[%clk
01:27:52]} {[%emt 00:00:11]} Be6 {[%clk 01:15:19]} {[%emt 00:02:50]} 9. Bd3
{[%clk 01:27:34]} {[%emt 00:00:47]} h6 {[%clk 01:13:16]} {[%emt 00:02:33]} 10.
Bh4 {[%clk 01:26:58]} {[%emt 00:01:06]} c5 {[%clk 01:07:43]} {[%emt 00:06:03]}
11. Nf3 {[%clk 01:19:59]} {[%emt 00:07:28]} Nc6 {[%clk 01:02:03]} {[%emt
00:06:10]} 12. O-O {[%clk 01:12:57]} {[%emt 00:07:33]} cxd4 {[%clk 00:55:58]}
{[%emt 00:06:36]} 13. Nxd4 {[%clk 01:13:06]} {[%emt 00:00:21]} Nxd4 {[%clk
00:55:10]} {[%emt 00:01:18]} 14. exd4 {[%clk 01:13:04]} {[%emt 00:00:31]} Qb6
{[%clk 00:51:32]} {[%emt 00:04:07]} 15. Rad1 {[%clk 01:09:23]} {[%emt
00:04:12]} Kh8 {[%clk 00:44:09]} {[%emt 00:07:53]} 16. Ne2 {[%clk 01:03:00]}
{[%emt 00:06:53]} Rac8 {[%clk 00:36:53]} {[%emt 00:07:46]} 17. Qb1 {[%clk
01:03:25]} {[%emt 00:00:06]} Ng8 {[%clk 00:33:55]} {[%emt 00:03:28]} 18. Bg3
{[%clk 01:00:21]} {[%emt 00:03:33]} Bf6 {[%clk 00:27:07]} {[%emt 00:07:18]} 19.
Be5 {[%clk 00:52:22]} {[%emt 00:08:29]} Bg4 {[%clk 00:21:27]} {[%emt 00:06:13]}
20. Rde1 {[%clk 00:43:19]} {[%emt 00:09:31]} Rfe8 {[%clk 00:09:51]} {[%emt
00:12:05]} 21. Nc3 {[%clk 00:41:40]} {[%emt 00:02:08]} Rcd8 {[%clk 00:09:00]}
{[%emt 00:01:22]} 22. Kh1 {[%clk 00:28:46]} {[%emt 00:13:24]} a6 {[%clk
00:08:40]} {[%emt 00:00:51]} 23. h3 {[%clk 00:28:14]} {[%emt 00:01:01]} Bc8
{[%clk 00:08:14]} {[%emt 00:00:57]} 24. Qc2 {[%clk 00:24:00]} {[%emt 00:04:43]}
Bxe5 {[%clk 00:06:54]} {[%emt 00:01:50]} 25. dxe5 {[%clk 00:23:27]} {[%emt
00:01:03]} Qc7 {[%clk 00:07:23]} {[%emt 00:00:02]} 26. f4 {[%clk 00:22:46]}
{[%emt 00:01:11]} d4 {[%clk 00:07:24]} {[%emt 00:00:29]} 27. Ne4 {[%clk
00:22:56]} {[%emt 00:00:19]} Qxc2 {[%clk 00:07:48]} {[%emt 00:00:06]} 28. Bxc2
{[%clk 00:23:22]} {[%emt 00:00:05]} Bf5 {[%clk 00:08:01]} {[%emt 00:00:18]} 29.
g4 {[%clk 00:13:17]} {[%emt 00:10:34]} Bxe4+ {[%clk 00:06:45]} {[%emt
00:01:47]} 30. Bxe4 {[%clk 00:12:45]} {[%emt 00:01:02]} Re7 {[%clk 00:07:05]}
{[%emt 00:00:10]} 31. Bd3 {[%clk 00:12:34]} {[%emt 00:00:41]} Rc7 {[%clk
00:05:23]} {[%emt 00:02:12]} 32. Rc1 {[%clk 00:09:10]} {[%emt 00:03:54]} Rdc8
{[%clk 00:05:36]} {[%emt 00:00:18]} 33. Rxc7 {[%clk 00:09:36]} {[%emt
00:00:03]} Rxc7 {[%clk 00:06:03]} {[%emt 00:00:02]} 34. Kg2 {[%clk 00:09:59]}
{[%emt 00:00:07]} Ne7 {[%clk 00:05:52]} {[%emt 00:00:41]} 35. Kf3 {[%clk
00:10:26]} {[%emt 00:00:03]} Kg8 {[%clk 00:04:23]} {[%emt 00:01:58]} 36. Rd1
{[%clk 00:09:12]} {[%emt 00:01:44]} Kf8 {[%clk 00:04:31]} {[%emt 00:00:22]} 37.
Bb1 {[%clk 00:08:07]} {[%emt 00:01:35]} Rd7 {[%clk 00:04:51]} {[%emt 00:00:11]}
38. Ke4 {[%clk 00:08:19]} {[%emt 00:00:18]} Nc6 {[%clk 00:04:41]} {[%emt
00:00:39]} 39. Ba2 {[%clk 00:08:36]} {[%emt 00:00:13]} Rc7 {[%clk 00:03:54]}
{[%emt 00:01:17]} 40. Bd5 {[%clk 00:05:33]} {[%emt 00:03:34]} Ne7 {[%clk
00:04:23]} {[%emt 00:00:01]} 41. Bb3 {[%clk 00:05:41]} {[%emt 00:00:22]} Nc6
{[%clk 00:04:38]} {[%emt 00:00:14]} 42. Rc1 {[%clk 00:05:16]} {[%emt 00:00:56]}
d3 {[%clk 00:03:50]} {[%emt 00:01:18]} 43. Rd1 {[%clk 00:05:37]} {[%emt
00:00:08]} Na5 {[%clk 00:03:26]} {[%emt 00:00:54]} 44. Rxd3 {[%clk 00:05:20]}
{[%emt 00:00:47]} Nxb3 {[%clk 00:03:47]} {[%emt 00:00:10]} 45. Rxb3 {[%clk
00:05:48]} {[%emt 00:00:02]} Rc4+ {[%clk 00:04:02]} {[%emt 00:00:15]} 46. Ke3
{[%clk 00:05:46]} {[%emt 00:00:31]} Rc7 {[%clk 00:04:15]} {[%emt 00:00:18]} 47.
Rc3 {[%clk 00:04:34]} {[%emt 00:01:42]} Rd7 {[%emt 00:00:14]} 48. Rc8+ {[%clk
00:04:50]} Ke7 {[%clk 00:05:13]} {[%emt 00:00:01]} 49. f5 {[%clk 00:04:57]}
{[%emt 00:00:23]} b5 {[%clk 00:04:51]} {[%emt 00:00:53]} 50. Rg8 {[%clk
00:03:51]} {[%emt 00:01:35]} Rd5 {[%clk 00:04:34]} {[%emt 00:00:47]} 51. Ke4
{[%clk 00:04:17]} {[%emt 00:00:04]} Rd2 {[%clk 00:05:01]} {[%emt 00:00:03]} 52.
Rxg7 {[%clk 00:04:14]} {[%emt 00:00:33]} Kf8 {[%clk 00:05:29]} {[%emt
00:00:02]} 53. Rh7 {[%clk 00:04:36]} {[%emt 00:00:08]} Rxb2 {[%clk 00:05:52]}
{[%emt 00:00:08]} 54. Rxh6 {[%clk 00:05:00]} {[%emt 00:00:06]} a5 {[%clk
00:06:12]} {[%emt 00:00:10]} 55. Rb6 {[%clk 00:05:01]} {[%emt 00:00:29]} a4
{[%clk 00:05:56]} {[%emt 00:00:45]} 56. f6 {[%clk 00:04:25]} {[%emt 00:01:06]}
Kg8 {[%clk 00:06:23]} {[%emt 00:00:03]} 57. Rb8+ {[%clk 00:02:42]} {[%emt
00:02:14]} Kh7 {[%clk 00:06:49]} {[%emt 00:00:04]} 58. Rf8 {[%clk 00:02:51]}
{[%emt 00:00:21]} Kg6 {[%clk 00:07:17]} {[%emt 00:00:01]} 59. Rg8+ {[%clk
00:03:16]} {[%emt 00:00:05]} Kh6 {[%clk 00:07:43]} {[%emt 00:00:04]} 60. g5+
{[%clk 00:03:13]} {[%emt 00:00:33]} Kh5 {[%clk 00:08:06]} {[%emt 00:00:07]} 61.
g6 {[%clk 00:03:14]} {[%emt 00:00:29]} 1-0

[Event "XLIV Memoriał Szachowy Ludwika Zamenhofa 2025, Grupa A"]
[Site "Białystok, Poland"]
[Date "2025.12.28"]
[Round "3.7"]
[White "Krol, Jan"]
[Black "Jakubowski, Krzysztof"]
[Result "1/2-1/2"]
[TimeControl "90'+30\""]
[WhiteElo "2202"]
[BlackElo "2437"]

1. e4 {[%clk 01:30:59]} {[%emt 00:00:01]} e6 {[%clk 01:30:51]} {[%emt
00:00:08]} 2. d4 {[%clk 01:31:24]} {[%emt 00:00:06]} d5 {[%clk 01:31:13]}
{[%emt 00:00:06]} 3. Nc3 {[%clk 01:31:32]} {[%emt 00:00:23]} Bb4 {[%clk
01:31:31]} {[%emt 00:00:12]} 4. e5 {[%clk 01:31:34]} {[%emt 00:00:29]} c5
{[%clk 01:31:44]} {[%emt 00:00:16]} 5. Bd2 {[%clk 01:32:01]} {[%emt 00:00:04]}
Ne7 {[%clk 01:32:08]} {[%emt 00:00:06]} 6. a3 {[%clk 01:30:48]} {[%emt
00:01:44]} Bxc3 {[%clk 01:32:11]} {[%emt 00:00:26]} 7. Bxc3 {[%clk 01:31:14]}
{[%emt 00:00:04]} Nbc6 {[%clk 01:31:50]} {[%emt 00:00:50]} 8. Nf3 {[%clk
01:18:00]} {[%emt 00:13:44]} b6 {[%clk 01:28:01]} {[%emt 00:04:19]} 9. b4
{[%clk 01:11:28]} {[%emt 00:07:03]} Nf5 {[%clk 00:37:54]} {[%emt 00:50:36]} 10.
b5 {[%clk 00:44:09]} {[%emt 00:27:49]} cxd4 {[%clk 00:34:12]} {[%emt 00:04:12]}
11. Bd2 {[%clk 00:44:26]} {[%emt 00:00:13]} Na5 {[%clk 00:32:21]} {[%emt
00:02:21]} 12. Bb4 {[%clk 00:35:00]} {[%emt 00:09:56]} Nc4 {[%clk 00:25:14]}
{[%emt 00:07:38]} 13. Nxd4 {[%clk 00:35:11]} {[%emt 00:00:18]} Qg5 {[%clk
00:24:31]} {[%emt 00:01:13]} 14. Nxf5 {[%clk 00:26:27]} {[%emt 00:09:15]} Qxf5
{[%clk 00:23:07]} {[%emt 00:01:53]} 15. Bxc4 {[%clk 00:26:36]} {[%emt
00:00:23]} dxc4 {[%clk 00:23:32]} {[%emt 00:00:03]} 16. Qd6 {[%clk 00:25:30]}
{[%emt 00:01:35]} Qe4+ {[%clk 00:23:56]} {[%emt 00:00:06]} 17. Kd2 {[%clk
00:24:31]} {[%emt 00:01:30]} Qd5+ {[%clk 00:22:19]} {[%emt 00:02:06]} 18. Qxd5
{[%clk 00:24:28]} {[%emt 00:00:34]} exd5 {[%clk 00:22:43]} {[%emt 00:00:05]} 19.
Kc3 {[%clk 00:24:55]} {[%emt 00:00:03]} Be6 {[%clk 00:18:30]} {[%emt 00:04:44]}
20. a4 {[%clk 00:24:03]} {[%emt 00:01:22]} a5 {[%clk 00:18:54]} {[%emt
00:00:05]} 21. Ba3 {[%clk 00:22:17]} {[%emt 00:02:16]} O-O-O {[%clk 00:16:22]}
{[%emt 00:03:02]} 22. Rad1 {[%clk 00:22:07]} {[%emt 00:00:41]} h5 {[%clk
00:16:46]} {[%emt 00:00:05]} 23. h3 {[%clk 00:21:59]} {[%emt 00:00:38]} h4
{[%clk 00:14:27]} {[%emt 00:02:49]} 24. Bc1 {[%clk 00:18:23]} {[%emt 00:04:06]}
Rh5 {[%clk 00:14:21]} {[%emt 00:00:37]} 25. Rhe1 {[%clk 00:18:29]} {[%emt
00:00:23]} Rf5 {[%clk 00:13:29]} {[%emt 00:01:22]} 26. f3 {[%clk 00:18:48]}
{[%emt 00:00:12]} Rh8 {[%clk 00:13:46]} {[%emt 00:00:12]} 27. Re2 {[%clk
00:17:55]} {[%emt 00:01:23]} Rhh5 {[%clk 00:13:50]} {[%emt 00:00:27]} 28. Rde1
{[%clk 00:18:14]} {[%emt 00:00:11]} 1/2-1/2